Online katalóg knižníc regiónu Turca

Sladký ocko (Record no. 22264)

MARC details
000 -LEADER
fixed length control field 01842cam a2200589 a 4500
001 - CONTROL NUMBER
control field 22264
003 - CONTROL NUMBER IDENTIFIER
control field VRT
005 - DATE AND TIME OF LATEST TRANSACTION
control field 20260324153733.0
008 - FIXED-LENGTH DATA ELEMENTS--GENERAL INFORMATION
fixed length control field 240318s2010 xo d 000 f slo
015 ## - NATIONAL BIBLIOGRAPHY NUMBER
National bibliography number SNBA2011/04-01882
020 ## - INTERNATIONAL STANDARD BOOK NUMBER
International Standard Book Number 9788055122496
Qualifying information (viaz.)
035 ## - SYSTEM CONTROL NUMBER
System control number F59FC46D-3BDD-4978-817C-0D64D35DE7E6
035 ## - SYSTEM CONTROL NUMBER
System control number urn:nbn:sk:snk-amlchc
035 ## - SYSTEM CONTROL NUMBER
System control number urn:nbn:sk:snk-am0091ao
039 #9 - LEVEL OF BIBLIOGRAPHIC CONTROL AND CODING DETAIL [OBSOLETE]
Level of rules in bibliographic description 202403181333
Level of effort used to assign nonsubject heading access points VLOAD
Level of effort used to assign subject headings 202310181515
Level of effort used to assign classification msnk170
Level of effort used to assign subject headings 202103311504
Level of effort used to assign classification AUTHORITY
Level of effort used to assign subject headings 202103311459
Level of effort used to assign classification AUTHORITY
040 ## - CATALOGING SOURCE
Original cataloging agency TVZK
Language of cataloging slo
Transcribing agency TVZK
Modifying agency SNK
Description conventions AACR2
041 1# - LANGUAGE CODE
Language code of text/sound track or separate title slo
Language code of original eng
044 ## - COUNTRY OF PUBLISHING/PRODUCING ENTITY CODE
MARC country code xo
ISO country code SK
072 #7 - SUBJECT CATEGORY CODE
Subject category code 821.111(73)-3
Subject category code subdivision Americká próza
Source konspekt
080 ## - UNIVERSAL DECIMAL CLASSIFICATION NUMBER
Universal Decimal Classification number 821.111(73)-31
Edition identifier 2001
080 ## - UNIVERSAL DECIMAL CLASSIFICATION NUMBER
Universal Decimal Classification number (0:82-312.5)
Edition identifier 2001
100 1# - MAIN ENTRY--PERSONAL NAME
Personal name Kleypas, Lisa,
Dates associated with a name 1964-
Relationship aut
240 10 - UNIFORM TITLE
Uniform title Sugar daddy
Language of a work Slovensky
245 10 - TITLE STATEMENT
Title Sladký ocko
Statement of responsibility, etc. Lisa Kleypasová ; [z anglického originálu preložila Katarína Bukovenová]
250 ## - EDITION STATEMENT
Edition statement [1. vyd.]
260 ## - PUBLICATION, DISTRIBUTION, ETC.
Place of publication, distribution, etc. Bratislava
Name of publisher, distributor, etc. Ikar
Date of publication, distribution, etc. 2010
300 ## - PHYSICAL DESCRIPTION
Extent 319 s.
Dimensions 21 cm
655 #7 - INDEX TERM--GENRE/FORM
Genre/form data or focus term americké romány
Source of term SNKPH
655 #7 - INDEX TERM--GENRE/FORM
Genre/form data or focus term ľúbostné romány
Source of term SNKPH
700 1# - ADDED ENTRY--PERSONAL NAME
Personal name Bukovenová, Katarína
Relationship trl
910 ## - USER-OPTION DATA (OCLC)
User-option data tvzk
910 ## - USER-OPTION DATA (OCLC)
User-option data pppk
910 ## - USER-OPTION DATA (OCLC)
User-option data snk
910 ## - USER-OPTION DATA (OCLC)
User-option data bjkdg
910 ## - USER-OPTION DATA (OCLC)
User-option data sllk
910 ## - USER-OPTION DATA (OCLC)
User-option data ttkjf
910 ## - USER-OPTION DATA (OCLC)
User-option data pokpoh
910 ## - USER-OPTION DATA (OCLC)
User-option data skpk
910 ## - USER-OPTION DATA (OCLC)
User-option data vthk
910 ## - USER-OPTION DATA (OCLC)
User-option data savuk
910 ## - USER-OPTION DATA (OCLC)
User-option data hevk
910 ## - USER-OPTION DATA (OCLC)
User-option data totk
910 ## - USER-OPTION DATA (OCLC)
User-option data bpksh
942 ## - ADDED ENTRY ELEMENTS (KOHA)
Source of classification or shelving scheme Dewey Decimal Classification
Koha item type Krásna literatúra pre dospelých
Suppress in OPAC No
949 ## - LOCAL PROCESSING INFORMATION (OCLC)
6 17A0670992
a snkSC 142048
b snk2010/19992
o 2027/10
s 6100:20160112
949 ## - LOCAL PROCESSING INFORMATION (OCLC)
6 17A0678005
a snkSC 142048 D1
b snk2010/23943
o 2027/10
949 ## - LOCAL PROCESSING INFORMATION (OCLC)
6 2889164584
a savukPV 13770
b savuk2010/4258
949 ## - LOCAL PROCESSING INFORMATION (OCLC)
6 270001000366123
a svkbbA 130220
b svkbbm 715046
949 ## - LOCAL PROCESSING INFORMATION (OCLC)
6 273K0526971
a svkpoA 209679
b svkpo531458
949 ## - LOCAL PROCESSING INFORMATION (OCLC)
6 3869A17219
a bpksh821.111(73)-31
b bpksh60006
980 ## - EQUIVALENCE OR CROSS-REFERENCE-SERIES STATEMENT--PERSONAL NAME/TITLE [LOCAL, CANADA]
Personal name 821.111(73)-31
Holdings
Stav vyradenia Strata Poškodenie Spôsob nadobudnutia Domovská knižnica Aktuálna knižnica Dátum nadobudnutia Total checkouts Čiarový kód exemplára Date last seen Typ exemplára
      Dar Obecná knižnica Horná Štubňa Obecná knižnica Horná Štubňa 24.03.2026   9788055122496 24.03.2026 Krásna literatúra pre dospelých
Projekt je podporený Slovenskou asociáciou knižníc
Prevádzkuje Turčianska knižnica Martin 2026